Les chansons de Michel Sardou - Statistiques

Statistiques générales
  • Ce quiz a été pris 478 fois
  • Le résultat moyen est 25 sur 42
Statistiques - réponses
Titre de la chanson % Correct
La {java} de Broadway
97%
Les {lacs} du Connemara
97%
Etre une {femme}
96%
Je {vais} t'aimer
96%
La {maladie} d'amour
95%
Je viens du {sud}
93%
J'habite en {France}
91%
Le rire du {sergent}
90%
Les {bals} populaires
88%
Les {vieux} mariés
87%
Chanteur de {jazz}
85%
{Afrique} adieu
84%
Quelques {mots} d'amour
81%
La même {eau} qui coule
75%
Et mourir de {plaisir}
72%
Une fille aux yeux {clairs}
72%
Vladimir {Ilitch}
70%
La {rivière} de notre enfance
69%
Les {Deux} Écoles
61%
Marie-{Jeanne}
60%
Je veux l'épouser pour un {soir}
56%
Le Temps des {colonies}
56%
Je me {souviens} d'un adieu
54%
Je ne suis pas mort, je {dors}
54%
Les Villes de {solitude}
48%
Le {surveillant} général
47%
Tous les {bateaux} s'envolent
47%
Attention les enfants... {danger}
46%
La {Marche} en avant
44%
Huit {jours} à El Paso
43%
Ils ont le {pétrole}, mais c'est tout
42%
Le {Cinéma} d'Audiard
40%
Les Yeux d'un {animal}
36%
Io {Domenico}
35%
Zombi {Dupont}
33%
Un {roi} barbare
28%
Interdit aux {bébés}
24%
Bonsoir {Clara}
23%
Les Années {trente}
23%
Vive la {mariée}
20%
Le {Paraguay} n'est plus ce qu'il était
18%
La {pluie} de Jules César
10%
Aucun quiz correspondant
Distribution des résultats
% des personnes avec chaque résultat
Percentile par nombre de réponses
Votre historique - résultats
Vous n’avez pas pris ce quiz